Rivals All Maps - Statistics

General Stats
  • This quiz has been taken 27 times
    24 since last reset
  • The average score is 17 of 34
Answer Stats
Difficulty Answer % Correct
Easy Arena
100%
Hard Construction
71%
Hard Onyx
71%
Medium Station
71%
Easy Backrooms
64%
Easy Battleground
64%
Easy Big Arena
64%
Easy Sandbox
64%
Medium Splash
64%
Medium Big Crossroads
57%
Medium Big Station
57%
Medium Crossroads
57%
PS Baseplate
50%
Easy Big Backrooms
50%
Hard Big Onyx
50%
Medium Big Splash
50%
Easy Bridge
50%
Medium Docks
50%
Easy Factory
50%
Easy Shooting Range
50%
Medium Big Graveyard
43%
Hard Dimension
43%
Medium Graveyard
43%
PS Legacy Battleground
43%
Medium Iceberg
36%
PS Legacy Backrooms
36%
PS Legacy Onyx
36%
Easy Playground
36%
Easy Village
36%
Easy Chess
29%
PS Legacy Crossroads
29%
PS Legacy Docks
29%
PS Legacy Splash
29%
PS Legacy Big Splash
14%
No matching quizzes found
Score Distribution
Percent of People with Each Score
Percentile by Number Answered
Your Score History
You have not taken this quiz since the last reset